• 首页
  • 本馆介绍
  • 公告通知
  • 最新文献
  • 馆藏检索
  • 电子资源
  • 读者导购
  • 参考咨询
  • 我的图书馆
  • 登录
  • 详细信息显示
  • 放入我的书架
  • 预约/预借图书
  • 作者相关作品
  • 分类相关作品
  • 丛书相关作品
  • 出版社相关作品

书目信息

  • 表格格式
  • 工作单格式
  • 卡片格式
题名:
电子显微术
    
 
作者: 管汀鹭 编
分册:  
出版信息: 上海   知识出版社  1982
页数: 176页
开本: 21cm
丛书名: 现代化知识文库
单 册:
中图分类: TN16 , TN15
科图分类:
主题词: 电子显微术 , 光电器件 , 光电管
电子资源:
ISBN:
000 00697oam2 2200277 450
001 1575139166
005 20150129205247.25
010    @dCNY0.68
091    @a17214.1004
100    @a19950614d1982 emky0chiy0110 ea
101 0  @achi
102    @aCN@b310000
105    @ay z 000yy
200 1  @a电子显微术@9dian zi xian wei shu@f管汀鹭编著
210    @a上海@c知识出版社@d1982
215    @a176页@d21cm
225 2  @a现代化知识文库@f倪海曙
461  0 @12001 @a现代化知识文库
606 0  @a电子显微术
606 0  @a光电器件
606 0  @a光电管
690    @aTN16@v5
690    @aTN15@v4
701  0 @a管汀鹭@9guan ting lu@4编
801  0 @aCN@bTSSF@c20150129
905    @aZUCC@dTN15@eJY40
    
    电子显微术/管汀鹭编著.-上海:知识出版社,1982
    176页;21cm.-(现代化知识文库/倪海曙)
    
    
    ISBN :CNY0.68
    
●
相关链接 在E读中查询图书 在五车中查询图书 在当当中查询图书 在豆瓣中查询图书


正题名:电子显微术     索取号:TN15/JY40         预约/预借

序号 登录号 条形码 馆藏地/架位号 状态 备注
1 7862360   278623606   学院路分馆/ [索取号:TN15/JY40] 在馆    
2 7862361   278623615   学院路分馆/ [索取号:TN15/JY40] 在馆    
欢迎您!
大连网信软件有限公司© 版权所有